The Fantastic Four: First Steps Quiz (SPOILERS) - Statistics

General Stats
  • This quiz has been taken 65 times
  • The average score is 8 of 11
Answer Stats
Actor Role % Correct
Ralph Ineson Galactus
100%
Ebon Moss-Bachrach Ben Grimm/The Thing
98%
Joseph Quinn Johnny Storm/Human Torch
98%
Pedro Pascal Reed Richards/Mr. Fantastic
98%
Vanessa Kirby Sue Storm/Invisible Woman
98%
Julia Garner Shalla-Bal/Silver Surfer
92%
Paul Walter Hauser Harvey Elder/Mole Man
58%
Ada Scott Franklin Richards
57%
Matthew Wood Herbie
47%
Mark Gatiss Ted Gilbert
23%
Natasha Lyonne Rachel Rozman
17%
No matching quizzes found
Score Distribution
Percent of People with Each Score
Percentile by Number Answered
Your Score History
You have not taken this quiz